[Event "Gyor Amateur op 24th"]
[Site "Gyor"]
[Date "2023.12.17"]
[Round "6"]
[White "Librecz, Lenard"]
[Black "Halmai, Florian"]
[Result "1/2-1/2"]
[WhiteElo "1422"]
[BlackElo "1410"]
[PlyCount "156"]
[EventDate "2023.12.16"]
[EventType "swiss"]
[EventRounds "7"]
[EventCountry "HUN"]
[SourceTitle "EXT 2025"]
[Source "ChessBase"]
[SourceDate "2024.10.14"]
[SourceVersion "1"]
[SourceVersionDate "2024.10.14"]
[SourceQuality "1"]

1. e4 c5 2. Nf3 d6 3. d4 cxd4 4. Nxd4 a6 5. c4 Nf6 6. Nc3 e6 7. Be2 Be7 8. 0-0 h6 9. Be3 Nc6 10. Rc1 Bd7 11. Qd2 e5 12. Nxc6 bxc6 13. f3 0-0 14. Rfd1 Be6 15. b3 Re8 16. Qb2 Qc7 17. Rd3 a5 18. Qc2 Nd7 19. Rd2 Rf8 20. c5 Nxc5 21. Bxc5 dxc5 22. Na4 Bg5 23. Nxc5 Bxd2 24. Qxd2 Rfe8 25. h3 Qb6 26. Kh2 Rad8 27. Qc3 Rd4 28. Nd3 f6 29. Qxc6 Qxc6 30. Rxc6 Bd7 31. Rc7 Rc8 32. Rxc8+ Bxc8 33. Nc5 Rd2 34. Bc4+ Kf8 35. a4 Ke7 36. Kg1 Kd6 37. Nd3 Kc6 38. b4 axb4 39. Bb5+ Kb6 40. Nxb4 Rb2 41. Nd5+ Ka5 42. Nc7 g6 43. Nd5 f5 44. Ne7 Bb7 45. exf5 gxf5 46. Nxf5 e4 47. Nd6 Rb1+ 48. Kf2 Bd5 49. Nxe4 Rb2+ 50. Kg3 Bb3 51. Nd6 Kb4 52. Nf5 h5 53. h4 Bxa4 54. Bxa4 Kxa4 55. Ng7 Rb5 56. Kh3 Ka5 57. g4 hxg4+ 58. fxg4 Rb3+ 59. Kg2 Kb6 60. h5 Kc6 61. h6 Kd7 62. Nf5 Rb8 63. Kg3 Ke6 64. Kf4 Kf6 65. g5+ Kg6 66. Ne7+ Kh7 67. Nc6 Rf8+ 68. Kg4 Re8 69. Kh5 Re6 70. Nd4 Re5 71. Nf3 Rd5 72. Nh2 Rc5 73. Ng4 Rb5 74. Nf6+ Kh8 75. Ne8 Kh7 76. Nc7 Ra5 77. Ne6 Rb5 78. Nf4 Ra5 1/2-1/2

[Event "Gyor Amateur op 24th"]
[Site "Gyor"]
[Date "2023.12.16"]
[Round "3"]
[White "Librecz, Lenard"]
[Black "Korim, Zsolt"]
[Result "1-0"]
[WhiteElo "1422"]
[BlackElo "1731"]
[PlyCount "39"]
[EventDate "2023.12.16"]
[EventType "swiss"]
[EventRounds "7"]
[EventCountry "HUN"]
[SourceTitle "EXT 2025"]
[Source "ChessBase"]
[SourceDate "2024.10.14"]
[SourceVersion "1"]
[SourceVersionDate "2024.10.14"]
[SourceQuality "1"]

1. e4 d6 2. Nf3 Nd7 3. d4 e5 4. dxe5 dxe5 5. Bc4 Be7 6. Qd5 Nh6 7. Bxh6 0-0 8. Be3 c6 9. Qd3 b5 10. Bb3 a5 11. a4 Ba6 12. 0-0 Qc7 13. Qe2 Nc5 14. Bxc5 Bxc5 15. Rd1 h6 16. Qe1 Bc8 17. axb5 cxb5 18. Nc3 Qb8 19. Rd5 a4 20. Rxc5 1-0

[Event "Gyor Amateur op 23rd"]
[Site "Gyor"]
[Date "2023.09.10"]
[Round "6"]
[White "Librecz, Lenard"]
[Black "Bognar, Ferenc Mate"]
[Result "0-1"]
[WhiteElo "1408"]
[BlackElo "1545"]
[PlyCount "74"]
[EventDate "2023.09.09"]
[EventType "swiss"]
[EventRounds "7"]
[EventCountry "HUN"]
[SourceTitle "EXT 2025"]
[Source "ChessBase"]
[SourceDate "2024.10.14"]
[SourceVersion "1"]
[SourceVersionDate "2024.10.14"]
[SourceQuality "1"]

1. e4 e5 2. Nf3 Nc6 3. d4 exd4 4. Nxd4 Bc5 5. Nb3 Bb6 6. Nc3 d6 7. Qe2 Be6 8. Be3 Nge7 9. 0-0-0 0-0 10. f3 f5 11. Bxb6 axb6 12. exf5 Bxf5 13. a3 Bg6 14. h4 Nf5 15. Qf2 Bf7 16. Nd5 Nce7 17. Nxe7+ Qxe7 18. Nd4 Nxd4 19. Rxd4 Qf6 20. Bc4 Bxc4 21. Rxc4 Rf7 22. Kb1 Ra5 23. Re1 Re7 24. Rxe7 Qxe7 25. Re4 Re5 26. Qe1 Rxe4 27. Qxe4 Qxe4 28. fxe4 Kf7 29. Kc1 g5 30. hxg5 Kg6 31. Kd2 Kxg5 32. Ke3 Kg4 33. Kf2 Kf4 34. g3+ Kxe4 35. Ke2 c5 36. c4 Kd4 37. b3 Kc3 0-1

[Event "Gyor Amateur op 23rd"]
[Site "Gyor"]
[Date "2023.09.10"]
[Round "5"]
[White "Librecz, Lenard"]
[Black "Nyari, Rajmund"]
[Result "0-1"]
[WhiteElo "1408"]
[BlackElo "1484"]
[PlyCount "114"]
[EventDate "2023.09.09"]
[EventType "swiss"]
[EventRounds "7"]
[EventCountry "HUN"]
[SourceTitle "EXT 2025"]
[Source "ChessBase"]
[SourceDate "2024.10.14"]
[SourceVersion "1"]
[SourceVersionDate "2024.10.14"]
[SourceQuality "1"]

1. e4 d5 2. exd5 Qxd5 3. d4 Nf6 4. Nf3 Nc6 5. Be2 a6 6. c4 Qd6 7. h3 Bf5 8. 0-0 e6 9. Nc3 0-0-0 10. Be3 Be7 11. a3 Ne4 12. Na4 g5 13. Qc1 g4 14. hxg4 Bxg4 15. Rd1 Bxf3 16. Bxf3 Nf6 17. b4 h5 18. Nc5 Ng4 19. Bf4 e5 20. dxe5 Qg6 21. Rxd8+ Rxd8 22. Nxb7 Ncxe5 23. Bxe5 Nxe5 24. Qf4 Nxf3+ 25. Qxf3 Rd3 26. Qe2 Bf6 27. Nc5 Bxa1 28. Nxd3 Qe6 29. Qxe6+ fxe6 30. Nc5 Bb2 31. Nxe6 Bxa3 32. Nf4 h4 33. Ng6 Bxb4 34. Kf1 a5 35. Ke2 Bc3 36. Nxh4 a4 37. Kd1 a3 38. Kc2 a2 39. Kxc3 a1Q+ 40. Kd3 Qf1+ 41. Ke3 Qxc4 42. Nf5 Qc5+ 43. Nd4 Qe5+ 44. Kd3 c5 45. Nf3 Qd5+ 46. Kc3 c4 47. Nd4 Qxg2 48. Kxc4 Qxf2 49. Kd5 Qa2+ 50. Ke5 Kd7 51. Ke4 Qc4 52. Ke3 Kd6 53. Nf3 Kd5 54. Kf2 Qd3 55. Ng1 Ke4 56. Ne2 Qf3+ 57. Ke1 Ke3 0-1

[Event "Fuerstenfeld U18 op 6th"]
[Site "Fuerstenfeld"]
[Date "2023.07.21"]
[Round "2"]
[White "Onipko, Mark"]
[Black "Librecz, Lenard"]
[Result "0-1"]
[WhiteElo "1671"]
[BlackElo "1365"]
[PlyCount "58"]
[EventDate "2023.07.20"]
[EventType "swiss"]
[EventRounds "7"]
[EventCountry "AUT"]
[SourceTitle "CBM 215 Extra"]
[Source "ChessBase"]
[SourceDate "2023.09.30"]
[SourceVersion "1"]
[SourceVersionDate "2023.09.30"]
[SourceQuality "1"]

1. e4 c5 2. Nf3 g6 3. d4 cxd4 4. Qxd4 Nf6 5. e5 Nc6 6. Qd3 Ng4 7. Qe4 Ngxe5 8. Nc3 Nxf3+ 9. gxf3 Bg7 10. Bd2 0-0 11. 0-0-0 d6 12. Bd3 Bf5 13. Qe2 Bxd3 14. Qxd3 a6 15. f4 Rc8 16. Kb1 e6 17. h4 h5 18. Ne4 d5 19. Ng3 Qb6 20. c3 Na5 21. Rhg1 Nc4 22. Bc1 Na3+ 23. Ka1 Rxc3 24. Qxc3 Bxc3 25. Rd3 Rc8 26. Rf1 Bg7 27. Rb3 Qxf2 28. f5 Qxf1 29. Nxf1 Rxc1# 0-1

[Event "Level op-B 8th"]
[Site "Level"]
[Date "2022.09.09"]
[Round "1"]
[White "Nagy, Tibor2"]
[Black "Librecz, Lenard"]
[Result "1/2-1/2"]
[WhiteElo "1718"]
[BlackElo "1305"]
[PlyCount "101"]
[EventDate "2022.09.09"]
[EventType "swiss"]
[EventRounds "7"]
[EventCountry "HUN"]
[SourceTitle "EXT 2023"]
[Source "ChessBase"]
[SourceDate "2022.10.05"]
[SourceVersion "1"]
[SourceVersionDate "2022.10.05"]
[SourceQuality "1"]

1. e4 c5 2. Nf3 d6 3. c3 Nf6 4. Be2 g6 5. d4 cxd4 6. cxd4 Bg7 7. Nc3 0-0 8. Bg5 Qa5 9. 0-0 Bg4 10. Bd2 Qb6 11. e5 dxe5 12. dxe5 Nfd7 13. Be3 Qxb2 14. Nd5 Nc6 15. h3 Bxf3 16. Bxf3 Ndxe5 17. Be4 Rfd8 18. Qa4 f5 19. Rab1 Qe2 20. Nc3 Qa6 21. Qb3+ Kf8 22. f4 Nc4 23. Bxc6 bxc6 24. Bc5 Nd2 25. Qe6 Bd4+ 26. Bxd4 Rxd4 27. Rfe1 Re8 28. Rb8 Rdd8 29. Rxd8 Qb6+ 30. Kh1 Qxd8 31. Rd1 Qa5 32. Qxc6 Ne4 33. Nxe4 fxe4 34. Qxe4 Qxa2 35. f5 Qf7 36. fxg6 Qxg6 37. Rf1+ Kg8 38. Qd5+ Kh8 39. Rf5 e6 40. Qe5+ Qg7 41. Rf6 Rg8 42. g4 Qb7+ 43. Kg1 Qg7 44. Kg2 Rc8 45. Kg1 Rc1+ 46. Kf2 Rc2+ 47. Kg3 Rc8 48. Qxe6 Rf8 49. Rxf8+ Qxf8 50. Qe5+ Kg8 51. Qg5+ 1/2-1/2

[Event "Fuerstenfeld U18 op 5th"]
[Site "Fuerstenfeld"]
[Date "2022.07.22"]
[Round "2"]
[White "Ahlroos, Johan Hector"]
[Black "Librecz, Lenard"]
[Result "0-1"]
[WhiteElo "963"]
[BlackElo "1273"]
[PlyCount "70"]
[EventDate "2022.07.21"]
[EventType "swiss"]
[EventRounds "7"]
[EventCountry "AUT"]
[SourceTitle "CBM 209 Extra"]
[Source "ChessBase"]
[SourceDate "2022.09.30"]
[SourceVersion "1"]
[SourceVersionDate "2022.09.30"]
[SourceQuality "1"]

1. d4 d5 2. c4 c6 3. Nc3 g6 4. Bf4 Bg7 5. Nf3 Nf6 6. e3 0-0 7. Bd3 Re8 8. 0-0 Nbd7 9. c5 Nh5 10. g3 e5 11. Bg5 f6 12. g4 fxg5 13. gxh5 e4 14. hxg6 hxg6 15. Kh1 Qf6 16. Ne1 exd3 17. Qxd3 Kf7 18. f4 Kg8 19. Nf3 g4 20. Ne5 Nxe5 21. fxe5 Qg5 22. Rf2 Bf5 23. Qe2 Bxe5 24. dxe5 Rxe5 25. Re1 Rae8 26. Nd1 Be4+ 27. Kg1 g3 28. Rg2 gxh2+ 29. Kxh2 Qh4+ 30. Kg1 Bxg2 31. Kxg2 Rg5+ 32. Kf1 Rf8+ 33. Qf2 Rxf2+ 34. Nxf2 Rf5 35. Re2 Qh1# 0-1

[Event "Gyor Amateur op 21st"]
[Site "Gyor"]
[Date "2021.08.22"]
[Round "4"]
[White "Sijer, Laszlo"]
[Black "Librecz, Lenard"]
[Result "0-1"]
[WhiteElo "1437"]
[BlackElo "1140"]
[PlyCount "76"]
[EventDate "2021.08.21"]
[EventType "swiss"]
[EventRounds "5"]
[EventCountry "HUN"]
[SourceTitle "EXT 2024"]
[Source "ChessBase"]
[SourceDate "2023.10.10"]
[SourceVersion "1"]
[SourceVersionDate "2023.10.10"]
[SourceQuality "1"]

1. e4 c5 2. Nf3 d6 3. Be2 Nf6 4. Nc3 g6 5. d3 Bg7 6. 0-0 0-0 7. h3 Nc6 8. Re1 a6 9. Nb1 b5 10. c3 Bb7 11. Be3 Qc7 12. Qc2 b4 13. Nbd2 bxc3 14. bxc3 Rfc8 15. Rab1 Rab8 16. Nf1 Na7 17. Ng3 Nb5 18. Qc1 Nd7 19. c4 Nc3 20. Rb2 Nxe4 21. Rxb7 Qxb7 22. Nxe4 Qb2 23. Qd2 Qxd2 24. Bxd2 Rb2 25. Nc3 Ne5 26. Nxe5 Bxe5 27. Nd5 Kg7 28. Bc1 Rxa2 29. Nxe7 Re8 30. Nd5 Bb2 31. Bf4 Ba3 32. Kf1 Bb4 33. Nxb4 cxb4 34. Bxd6 b3 35. Bb4 Kg8 36. Bc5 Raxe2 37. Rxe2 Rxe2 38. Kxe2 b2 0-1

[Event "Gyor Amateur op 21st"]
[Site "Gyor"]
[Date "2021.08.21"]
[Round "3"]
[White "Librecz, Lenard"]
[Black "Halmai, Florian"]
[Result "1-0"]
[WhiteElo "1140"]
[BlackElo "1415"]
[PlyCount "107"]
[EventDate "2021.08.21"]
[EventType "swiss"]
[EventRounds "5"]
[EventCountry "HUN"]
[SourceTitle "EXT 2024"]
[Source "ChessBase"]
[SourceDate "2023.10.10"]
[SourceVersion "1"]
[SourceVersionDate "2023.10.10"]
[SourceQuality "1"]

1. e4 c5 2. Nf3 e6 3. d4 cxd4 4. Nxd4 a6 5. Nc3 b5 6. a3 Bb7 7. g3 Nf6 8. Bg2 b4 9. axb4 Bxb4 10. Bg5 h6 11. Bxf6 Qxf6 12. 0-0 Nc6 13. Nxc6 Bxc6 14. Na4 Rb8 15. e5 Qxe5 16. Nc3 Bxc3 17. Bxc6 dxc6 18. bxc3 0-0 19. Rxa6 Qxc3 20. Qd6 Rfc8 21. Qd3 Qxd3 22. cxd3 Rb3 23. Rc1 Rxd3 24. Raxc6 Rxc6 25. Rxc6 g6 26. Kg2 Rd2 27. Kf3 Kg7 28. Ke3 Rd5 29. h4 h5 30. Ke4 g5 31. hxg5 Rxg5 32. Kf4 Rf5+ 33. Ke3 e5 34. Rc5 f6 35. Ke2 Kg6 36. Rc4 Kg5 37. Ke3 Kg6 38. Rh4 Rg5 39. Kf3 f5 40. Rb4 e4+ 41. Ke3 Kh6 42. Kf4 Rg4+ 43. Kxf5 e3 44. Rxg4 hxg4 45. fxe3 Kg7 46. Kxg4 Kg6 47. Kf4 Kf6 48. e4 Ke6 49. g4 Kf6 50. e5+ Kf7 51. Kf5 Kf8 52. Kf6 Ke8 53. Ke6 Kf8 54. Kd7 1-0

[Event "Gyor Amateur op 21st"]
[Site "Gyor"]
[Date "2021.08.21"]
[Round "1"]
[White "Librecz, Lenard"]
[Black "Horvath, Tibor"]
[Result "0-1"]
[WhiteElo "1140"]
[BlackElo "1837"]
[PlyCount "96"]
[EventDate "2021.08.21"]
[EventType "swiss"]
[EventRounds "5"]
[EventCountry "HUN"]
[SourceTitle "EXT 2024"]
[Source "ChessBase"]
[SourceDate "2023.10.10"]
[SourceVersion "1"]
[SourceVersionDate "2023.10.10"]
[SourceQuality "1"]

1. e4 c5 2. Nf3 e6 3. c4 Nc6 4. d4 cxd4 5. Nxd4 Nf6 6. Bg5 h6 7. Bxf6 Qxf6 8. Nxc6 bxc6 9. Qc2 Rb8 10. Nc3 Bc5 11. Bd3 0-0 12. 0-0 Bd4 13. Rab1 d6 14. Kh1 Bd7 15. f4 Rb7 16. Na4 c5 17. b3 Bc6 18. e5 dxe5 19. Be4 Bxe4 20. Qxe4 Rd7 21. fxe5 Qxe5 22. Qxe5 Bxe5 23. Nxc5 Rd2 24. a4 Rc8 25. Ne4 Re2 26. Rfe1 Rxe1+ 27. Rxe1 Rd8 28. h3 Kf8 29. Kg1 Rd3 30. Kf1 Bc7 31. Nc5 Rd2 32. Re2 Rd1+ 33. Re1 Rd6 34. Ke2 Bb6 35. Ne4 Rd4 36. Nc3 Ba5 37. Rc1 Ke7 38. Nb5 Rd2+ 39. Kf3 a6 40. Na3 Rd3+ 41. Ke4 Rxb3 42. Nc2 f5+ 43. Ke5 Bc3+ 44. Nd4 Bb2 45. Rc2 Re3+ 46. Kf4 Bxd4 47. h4 Kf6 48. h5 e5# 0-1